000 00363 a2200157 4500
001 61745
020 _a851600337x
040 _cAnchieta - Pituba
100 _aBranco, Samuel Murgel
240 1 0 _aAventuras de uma gota d'água
_lpor
245 1 0 _aAventuras de uma gota d'água
300 _a40
362 0 _a1990
650 4 _aLiteratura juvenil
942 _cBK
999 _c61745
_d61745